000 00646nam a22002172 4500
001 0000005806
005 20151021152554.0
008 070717s xx 000 0 eng d
020 _a0719545234 :
_cKES 1,470
040 _aKABU
_cKABU
050 0 _aHF5718
_b.S55
100 1 _aSillars, Stuart.
_@0000157028
245 1 0 _aSuccess in communication.
260 _aLondon :
_bJ. Murray,
_c1988.
300 _axiv, 354 p.
650 0 _aBusiness communication.
_@0000148326
908 _a070717
950 _@1
999 _c1508
_d1508